| 000 | 00347nam a22001451a 4500 | ||
|---|---|---|---|
| 082 |
_aM3 _bSHR/N |
||
| 100 | _aSreelal | ||
| 245 |
_aNiramillatha daivangal/ _cby Sreelal |
||
| 260 |
_aKannur: _bSupriya Publication, _c2010. |
||
| 300 | _a247p. | ||
| 650 | _aNovel Malayalam | ||
| 650 | _aLiterature Malayalam | ||
| 650 | _aLiterature | ||
| 942 | _cBK | ||
| 999 |
_c31518 _d31518 |
||